[Event "Steinfurt Bezirksklasse 0910"]
[Site "Germany"]
[Date "2010.05.08"]
[Round "7.4"]
[White "Blomquist, Pontus"]
[Black "Winter, Tobias"]
[Result "1/2-1/2"]
[WhiteElo "1379"]
[BlackElo "1066"]
[PlyCount "44"]
[EventDate "2009.09.26"]
[EventType "team-tourn"]
[EventRounds "7"]
[EventCountry "GER"]
[SourceTitle "EXT 2011"]
[Source "ChessBase"]
[SourceDate "2010.11.26"]
[SourceVersion "1"]
[SourceVersionDate "2010.11.26"]
[SourceQuality "1"]
[WhiteTeam "Nordwalde II"]
[BlackTeam "Emsdetten Turm IV"]
[WhiteTeamCountry "GER"]
[BlackTeamCountry "GER"]

1. e4 e5 2. Nf3 Nc6 3. Bc4 Bc5 4. d3 d6 5. 0-0 Bg4 6. Be3 Nf6 7. Nbd2 Qe7 8. a3 0-0-0 9. b4 Bb6 10. b5 Na5 11. a4 d5 12. Bxb6 axb6 13. exd5 Nxd5 14. Bxd5 Rxd5 15. Re1 f5 16. Qe2 c5 17. c4 Rd4 18. Ra3 Re8 19. Qe3 f4 20. Qxe5 Qxe5 21. Rxe5 Rxe5 22. Nxe5 Bf5 1/2-1/2